Professional Sport Trophies - Statistics

General Stats
  • This quiz has been taken 139 times
  • The average score is 7 of 13
Answer Stats
Picture Answer % Correct
Vince Lombardi Trophy
93%
FIFA World Cup Trophy
84%
Stanley Cup
84%
Commissioner's Trophy
65%
Heisman Trophy
61%
Gentlemen's Singles Trophy
60%
Olympic Gold Medal
55%
Harley J. Earl trophy
52%
Larry O'Brien Championship Trophy
48%
Barclays Premier League Trophy
38%
Borg-Warner Trophy
18%
Venus Rosewater Dish
3%
Wanamaker Trophy
3%
No matching quizzes found
Score Distribution
Percent of People with Each Score
Percentile by Number Answered
Your Score History
You have not taken this quiz